Κατάλογος Βιβλιοθηκών Mediterranean College

Οι Τάσεις των Μ.Μ.Ε. στην Ελλαδα / Μία Κατ' Εξοχήν Ποσοτική Αποτύπωση (Record no. 2038)

MARC details
000 -LEADER
fixed length control field 01344cam a22001814a 4500
005 - ΗΜΕΡΟΜΗΝΙΑ ΚΑΙ ΩΡΑ ΤΕΛΕΥΤΑΙΑΣ ΕΝΗΜΕΡΩΣΗΣ
Πεδίο ελέγχου 20250605164029.0
008 - FIXED-LENGTH DATA ELEMENTS--GENERAL INFORMATION
Πεδίο ελέγχου σταθερού μήκους 250528s ||||||||||||||||||||||||d
035 ## - SYSTEM CONTROL NUMBER
System control number 16546
040 ## - ΠΗΓΗ ΚΑΤΑΛΟΓΟΓΡΑΦΗΣΗΣ
Φορέας πρωτότυπης καταλογογράφησης MC Athens Campus Library
Γλώσσα καταλογογράφησης Ελληνικά, Μοντέρνα (1453-)
Modifying agency MC Athens Campus Library
Κανόνες περιγραφικής καταλογογράφησης AACR2
245 1# - ΤΙΤΛΟΣ ΚΑΙ ΔΗΛΩΣΗ ΥΠΕΥΘΥΝΟΤΗΤΑΣ
Τίτλος Οι Τάσεις των Μ.Μ.Ε. στην Ελλαδα / Μία Κατ' Εξοχήν Ποσοτική Αποτύπωση
260 ## - PUBLICATION, DISTRIBUTION, ETC.
Name of publisher, distributor, etc. Ινστιτούτο Οπτικοακουστικών Μέσων,
Date of publication, distribution, etc. 1997
300 ## - PHYSICAL DESCRIPTION
Extent 46
520 ## - SUMMARY, ETC.
Summary, etc. Δεδομένα και πληροφορίες από την Υλοποίηση ερευνών στο ευρύ φάσμα της οπτικοακουστικής Επικοινωνίας. Εισαγωγικά, Το Γενικό Πλαίσιο, Οι Ποσοτικές Όψεις του Ελληνικού Τοπίου των Μ.Μ.Ε., Η Διαφημιστική Δαπάνη, Τα Μ.Μ.Ε., Οι Εφημερίδες, Τα Περιοδικά, Το Ραδιόφωνο, Η Τηλεόραση, Η Άποψη των Τηλεθεατών, Η Άποψη της Διαφημιστικής Αγοράς, Ο Κινηματογράφος και οι Κινηματογραφικές Ταινίες, Η Έρευνα των Μ.Μ.Ε. στην Ελλάδα.
700 1# - ΠΡΟΣΘΕΤΗ ΑΝΑΓΡΑΦΗ--ΦΥΣΙΚΟ ΠΡΟΣΩΠΟ
Personal name Χαιρετάκης Μανώλης Δρ
9 (RLIN) 2646
942 ## - ADDED ENTRY ELEMENTS (KOHA)
Koha item type Books
Holdings
Τύπος τεκμηρίου Βιβλιοθήκη Τρέχουσα τοποθεσία Barcode Αριθμός εισαγωγής Ημερομηνία απόκτησης Ταξιθετικό σύμβολο Αριθμός αντιτύπου Κατάσταση απόσυρσης Κατάσταση χαμένου Κατάσταση κατεστραμμένου Μη δανεισμός Σύνολο δανεισμών Ημερομηνία τελευταίας εμφάνισης Η τιμή ισχύει από
Books MC Athens Campus Library MC Athens Campus Library 9780000020376 4250 05/06/2025 302.23 HER 1           05/06/2025 05/06/2025

MC Athens Campus Library
Πατησίων 94 & Κοδριγκτώνος 13, 104 34
Πελλήνης 8 & Πατησίων 107, 112 51
Τ: +30 210 8899600

MC Thessaloniki Campus Library
Ίωνος Δραγούμη 21, 54625 | Ίωνος Δραγούμη 15, 54625
Τ: +30 2310 287779 – Τ: +30 2314 440300